A Cruel Angel's Thesis (Lyrics) - Statistics

General Stats
  • This quiz has been taken 15 times
  • The average score is 145 of 373
Answer Stats
Lyrics % Correct
a
88%
an
88%
angel
88%
you
88%
You
88%
you;
88%
and
75%
And
75%
boy,
75%
cruel
75%
I
75%
Like
75%
like
75%
me
75%
angel's
63%
do
63%
for
63%
in
63%
it
63%
It
63%
the
63%
The
63%
who
63%
young
63%
your
63%
Your
63%
Are
50%
are
50%
are.
50%
back
50%
be
50%
be.
50%
if
50%
If
50%
is
50%
legend!
50%
my
50%
on
50%
out
50%
Rise
50%
there,
50%
thesis,
50%
to
50%
up,
50%
will
50%
Will
50%
wings
50%
with
50%
you're
50%
You're
50%
at
38%
Blue
38%
can
38%
come
38%
Come
38%
door
38%
embrace
38%
fight.
38%
from
38%
just
38%
know
38%
must
38%
not
38%
now,
38%
now
38%
of
38%
Of
38%
Our
38%
see;
38%
see.
38%
smiling
38%
so
38%
soon
38%
Stay
38%
that
38%
then
38%
This
38%
this
38%
true
38%
we
38%
as
25%
Bible,
25%
But
25%
But,
25%
don't
25%
ever
25%
eyes
25%
fate
25%
finally
25%
free!
25%
has
25%
heart.
25%
heavens,
25%
hope
25%
how
25%
last!
25%
light;
25%
Love
25%
love
25%
make
25%
may
25%
moon
25%
one
25%
open
25%
pathos,
25%
reach
25%
reality!
25%
set
25%
skies
25%
stand
25%
still
25%
story
25%
sympathy,
25%
that's
25%
These
25%
touch
25%
waiting
25%
we'll
25%
window
25%
without
25%
yourself
25%
above;
13%
ascend
13%
awakened...
13%
beckoning
13%
betray
13%
blind
13%
cannot
13%
destiny.
13%
discover
13%
dream
13%
Embraced
13%
forsaken
13%
fragile
13%
future
13%
gazing
13%
guide
13%
hold
13%
Hold
13%
innocence;
13%
it's
13%
its
13%
lose
13%
memory!
13%
pass.
13%
past.
13%
present
13%
shining
13%
show
13%
sigh;
13%
silvery
13%
such
13%
summoning
13%
symphony;
13%
thread
13%
trying
13%
vacantly.
13%
why.
13%
winds...
13%
wishes
13%
woven...
13%
affection
0%
approach
0%
bring
0%
care.
0%
comes
0%
cradled
0%
cry;
0%
desecrated
0%
destined
0%
dreams
0%
echoing
0%
elusive
0%
ever-so-long...
0%
frail
0%
futility.
0%
goodbye.
0%
history!
0%
humanity!
0%
knowing
0%
litany,
0%
mockery,
0%
morning's
0%
Perhaps
0%
reunited...
0%
seek
0%
slept
0%
slight
0%
soar
0%
someday,
0%
sorrow
0%
spiteful
0%
tells
0%
tightly
0%
vitality;
0%
wake
0%
wave
0%
what's
0%
White-hot
0%
You've
0%
No matching quizzes found
Score Distribution
Percent of People with Each Score
Percentile by Number Answered
Your Score History
You have not taken this quiz